| 000 | 00486nam a22001337a 4500 | ||
|---|---|---|---|
| 005 | 20241214092206.0 | ||
| 008 | 240925b ||||| |||| 00| 0 eng d | ||
| 100 |
_aSugano, Domingo B. _eauthor. _961647 |
||
| 245 |
_aPaghahanda sa oras ng kalamidad / _cDomingo B. Sugano. |
||
| 260 |
_aPhilippines; _bPublishers Association of the Philippines, Inc., _cJuly 2018. |
||
| 300 |
_aVolume 66, pages 76-79, _billustration. |
||
| 700 |
_aSugano, Domingo B. _eauthor. _961647 |
||
| 942 |
_2ddc _cPER |
||
| 999 |
_c21862 _d21862 |
||